000
00532nam a2200169Ia 4500
008
090123s9999 xx 000 0 und d
082
_b
478
100
_a
कालेलकर मधुसूदन
245
_a
अपराध मीच केला
250
_a
0
300
_a
112
600
_a
कालेलकर मधुसूदन
630
_a
अपराध मीच केला
700
_a
कालेलकर मधुसूदन
730
_a
अपराध मीच केला
942
_c
BOOK
999
_c
38566
_d
38566